Theories of development : concepts and applications /

Bibliographic Details
Main Author: Crain, William C., 1943-
Format: Book
Language:English
Published: Upper Saddle River, N.J. : Pearson Prentice Hall, [2005]
Edition:5th ed.
Subjects:

MARC

Tag First Indicator Second Indicator Subfields
LEADER 00000pam a22000004a 4500
001 in00002000394
005 20151031125327.0
008 040325s2005 njua b 001 0 eng
010 |a  2004044673 
020 |a 0131849913 
035 |a (OCoLC)ocm54897139 
040 |a DLC  |c DLC  |d YDX  |d UtOrBLW 
042 |a pcc 
049 |a TXAM 
050 0 0 |a BF713  |b .C72 2005 
082 0 0 |a 155  |2 22 
100 1 |a Crain, William C.,  |d 1943- 
245 1 0 |a Theories of development :  |b concepts and applications /  |c William Crain. 
250 |a 5th ed. 
264 1 |a Upper Saddle River, N.J. :  |b Pearson Prentice Hall,  |c [2005] 
264 4 |c ©2005 
300 |a xvi, 429 pages :  |b illustrations ;  |c 23 cm. 
336 |a text  |b txt  |2 rdacontent 
337 |a unmediated  |b n  |2 rdamedia 
338 |a volume  |b nc  |2 rdacarrier 
504 |a Includes bibliographical references (pages 392-411) and indexes. 
650 0 |a Developmental psychology  |v Textbooks. 
945 |i PromptCat 
948 |a cataloged  |b h  |c 2004/10/27  |d c  |e eneff  |f 12:29:44 pm 
994 |a 92  |b TXA 
999 |a MARS 
999 f f |s 0448b4f8-a600-30a2-a0cf-12b0c4cde1bc  |i c7c6d723-fc21-386b-a100-374f38c9856f  |t 0 
952 f f |p normal  |a Texas A&M University  |b College Station  |c Sterling C. Evans Library  |d Evans: Library Stacks  |t 0  |e BF713 .C72 2005  |h Library of Congress classification  |i unmediated -- volume  |m A14832224792 
998 f f |a BF713 .C72 2005  |t 0  |l Evans: Library Stacks